[Event "2BLS 1718 FB Mörlenbach-Birkenau - SC E"]
[Site "?"]
[Date "2018.02.24"]
[Round "9.4"]
[White "Peter, Sebastien"]
[Black "Korpa, Bence"]
[Result "0-1"]
[WhiteElo "2232"]
[BlackElo "2497"]
[PlyCount "80"]
[EventDate "2018.??.??"]

1. e4 c5 2. Nf3 e6 3. d4 cxd4 4. Nxd4 Nc6 5. Nb5 d6 6. c4 Nf6 7. N1c3 a6 8. Na3
b6 9. Be2 Bb7 10. O-O Be7 11. Be3 Nb8 12. f3 Nbd7 13. Qd2 O-O 14. Rfd1 Qc7 15.
Rac1 Rfc8 16. Qe1 Qd8 17. Qf2 Rab8 18. Nc2 Qf8 19. Nd4 Bd8 20. a3 h6 21. b4 g5
22. Nb3 Bc7 23. Na4 Ba8 24. c5 bxc5 25. Bxa6 Rd8 26. Qe2 g4 27. Nd2 Qg7 28. f4
Nxe4 29. Nxe4 Bxe4 30. Bb5 Bf3 31. Qd3 Bxd1 32. Bxd7 Bxa4 33. Bxa4 Bb6 34. f5
exf5 35. Qxf5 cxb4 36. Bxb6 Rxb6 37. axb4 Qg5 38. Qf1 Rxb4 39. Bc2 Re8 40. Rd1
Qc5+ 0-1

[Event "2BLS 1718 FB Mörlenbach-Birkenau - SC E"]
[Site "?"]
[Date "2018.02.24"]
[Round "9.5"]
[White "Sokolov, Andrei"]
[Black "Beck, Daniel"]
[Result "1-0"]
[WhiteElo "2490"]
[BlackElo "2138"]
[PlyCount "71"]
[EventDate "2018.??.??"]

1. e4 c5 2. Nf3 d6 3. d4 cxd4 4. Nxd4 Nf6 5. Nc3 a6 6. h3 e6 7. g4 b5 8. g5
Nfd7 9. Bg2 Bb7 10. f4 b4 11. Nce2 Nc5 12. Ng3 Qc7 13. O-O Nbd7 14. Be3 Be7 15.
c3 a5 16. c4 h6 17. Nb5 Qb6 18. h4 hxg5 19. hxg5 O-O-O 20. b3 Rh4 21. a3 g6 22.
axb4 axb4 23. Ra7 Nb8 24. Rxb7 Qxb7 25. e5 d5 26. Nd6+ Bxd6 27. exd6 Nba6 28.
cxd5 Qb5 29. dxe6 fxe6 30. Ne4 Kb8 31. Nxc5 Nxc5 32. Qd4 Rc8 33. Ra1 Rc6 34. d7
Nxd7 35. Ra8+ Kxa8 36. Qa7# 1-0

[Event "2BLS 1718 FB Mörlenbach-Birkenau - SC E"]
[Site "?"]
[Date "2018.02.24"]
[Round "9.6"]
[White "Boehmer, Christian"]
[Black "Cvitan, Ognjen"]
[Result "0-1"]
[WhiteElo "2169"]
[BlackElo "2482"]
[PlyCount "74"]
[EventDate "2018.??.??"]

1. Nf3 Nf6 2. g3 d5 3. c4 e6 4. Bg2 Be7 5. O-O O-O 6. b3 c5 7. Bb2 Nc6 8. e3 d4
9. exd4 cxd4 10. Re1 Re8 11. Na3 Bf8 12. Ne5 Nxe5 13. Rxe5 Nd7 14. Re1 Nc5 15.
d3 e5 16. Nc2 Bf5 17. Bf1 a5 18. Ba3 b6 19. Qf3 Bg6 20. Bxc5 Bxc5 21. a3 Ra7
22. b4 Bf8 23. Qc6 Re6 24. Qb5 e4 25. Rad1 exd3 26. Bxd3 Bxd3 27. Rxd3 Rxe1+
28. Nxe1 axb4 29. a4 Ra5 30. Qc6 Rc5 31. Qe4 Rxc4 32. Nf3 Bc5 33. Qc6 Rc3 34.
Rd2 Bf8 35. Qe4 d3 36. Ne5 Qe8 37. Qf5 Rc5 0-1

[Event "2BLS 1718 FB Mörlenbach-Birkenau - SC E"]
[Site "?"]
[Date "2018.02.24"]
[Round "9.7"]
[White "Miezis, Normunds"]
[Black "Klings, Peter"]
[Result "1-0"]
[WhiteElo "2442"]
[BlackElo "2162"]
[PlyCount "107"]
[EventDate "2018.??.??"]

1. c4 c5 2. Nc3 Nc6 3. g3 g6 4. Bg2 Bg7 5. a3 d6 6. Rb1 a5 7. d3 e5 8. Nf3 Nge7
9. Nd2 Rb8 10. Nf1 O-O 11. Ne3 f5 12. Ned5 Nxd5 13. Nxd5 Be6 14. O-O Qd7 15.
Bd2 b5 16. b3 h6 17. Nc3 b4 18. axb4 axb4 19. Nd5 g5 20. e3 Kh8 21. Ra1 Qb7 22.
Bc1 Ra8 23. Bb2 Rxa1 24. Qxa1 Ra8 25. Qb1 Ra7 26. Qd1 Qf7 27. Qc2 g4 28. f3 h5
29. fxg4 hxg4 30. Rf2 Qg6 31. Qd1 Qh6 32. Qf1 Qg5 33. Qe2 Na5 34. Qd1 Nc6 35.
e4 Bxd5 36. cxd5 Ne7 37. Bc1 Qh5 38. exf5 Nxf5 39. Be4 Nd4 40. Qf1 Kg8 41. Bb2
Nxb3 42. Qd1 Bh6 43. Rf5 Be3+ 44. Kh1 Qh3 45. Qxb3 Rh7 46. Qc2 Qxg3 47. Rf1 Rh3
48. Qg2 Qh4 49. Bf5 Bf4 50. Be6+ Kf8 51. Rf2 Ke7 52. Qg1 Rg3 53. Qa1 Rf3 54.
Qa7+ 1-0

[Event "2BLS 1718 FB Mörlenbach-Birkenau - SC E"]
[Site "?"]
[Date "2018.02.24"]
[Round "9.8"]
[White "Schoebel-Kroehn, Lucas"]
[Black "Lodici, Lorenzo"]
[Result "0-1"]
[WhiteElo "1974"]
[BlackElo "2427"]
[PlyCount "96"]
[EventDate "2018.??.??"]

1. e4 e5 2. Nf3 Nc6 3. Bb5 a6 4. Ba4 Nf6 5. O-O b5 6. Bb3 Bb7 7. d3 Be7 8. Re1
O-O 9. c3 d6 10. Nbd2 Na5 11. Bc2 c5 12. Nf1 Re8 13. Bg5 h6 14. Bd2 Bf8 15. Ne3
c4 16. b4 cxd3 17. Bxd3 Nc4 18. Qc2 Rc8 19. Bxc4 bxc4 20. Nf5 Qd7 21. Ng3 g6
22. h3 Bc6 23. Be3 Qb7 24. Nd2 d5 25. f3 Qb8 26. Rad1 Re6 27. exd5 Nxd5 28. Bf2
f5 29. Nxc4 Ba8 30. Qb3 Kh7 31. Ne2 Rce8 32. Ne3 Nf6 33. a3 a5 34. Qa4 axb4 35.
cxb4 Bc6 36. Qb3 Bc5 37. Nc3 Bd4 38. Ne2 Bb6 39. Rd2 e4 40. f4 g5 41. fxg5 hxg5
42. Nxf5 Bxf2+ 43. Kxf2 e3+ 44. Nxe3 Ne4+ 45. Kg1 Nxd2 46. Qd3+ Kg8 47. Ng4 Qd6
48. Qf5 Qd5 0-1

[Event "2BLS 1718 SC Viernheim - OSG Baden Bade"]
[Site "?"]
[Date "2018.02.24"]
[Round "9.2"]
[White "Malakhov, Vladimir"]
[Black "Bellahcene, Bilel"]
[Result "1-0"]
[WhiteElo "2692"]
[BlackElo "2503"]
[PlyCount "79"]
[EventDate "2018.??.??"]

1. Nf3 d5 2. e3 Nf6 3. c4 e6 4. d4 b6 5. Nc3 Bd6 6. b3 O-O 7. Bd3 Bb7 8. O-O
Nbd7 9. Bb2 a6 10. Rc1 Qe7 11. Re1 Ne4 12. Qc2 f5 13. Ne2 Rae8 14. Ng3 Ndf6 15.
cxd5 Nxg3 16. hxg3 Nxd5 17. Qe2 Nf6 18. Ne5 Bxe5 19. dxe5 Ne4 20. b4 Ra8 21.
Red1 Rf7 22. Bc4 b5 23. Bb3 Re8 24. Rd4 c5 25. bxc5 Nxc5 26. Ba3 Nxb3 27. Bxe7
Nxd4 28. Qd3 Rfxe7 29. Qxd4 Bd5 30. a3 Ra8 31. g4 fxg4 32. Rc5 Rb8 33. Qxg4 a5
34. e4 Bb3 35. Qe2 Bc4 36. Qd2 a4 37. Qd6 Reb7 38. Rxc4 bxc4 39. Qxe6+ Kh8 40.
Qxc4 1-0

[Event "2BLS 1718 SC Viernheim - OSG Baden Bade"]
[Site "?"]
[Date "2018.02.24"]
[Round "9.3"]
[White "Riff, Jean-Noel"]
[Black "Kryvoruchko, Yuriy"]
[Result "0-1"]
[WhiteElo "2495"]
[BlackElo "2693"]
[PlyCount "71"]
[EventDate "2018.??.??"]

1. e4 e5 2. Nf3 Nc6 3. Bb5 a6 4. Ba4 d6 5. d4 Bd7 6. d5 Nce7 7. c4 b5 8. Bc2 g6
9. a4 Bg7 10. Nc3 b4 11. Ne2 h5 12. a5 {(=)} c5 13. dxc6 Bxc6 14. Bg5 Nf6 15.
Ng3 Qc7 16. Qd2 Rb8 17. O-O Nd7 18. Rfd1 Nc8 19. h4 Nc5 20. b3 Bd7 21. Ne1 Ne6
22. Be3 Bf6 23. Nf3 Nc5 24. Nf1 Bg4 25. N3h2 Bd7 26. g3 Rb7 27. Nf3 Bg4 28.
N3h2 Bd7 29. Nf3 Na7 30. Bxc5 Qxc5 31. Ne3 Nc6 32. Qd5 Bg4 33. Nxg4 hxg4 34.
Ne1 Nd4 35. Rd3 Qxd5 36. exd5 {(Schwer zu entziffern - Rest unleserlich. 0-1
im 44.Zug.)} 0-1

[Event "2BLS 1718 SC Viernheim - OSG Baden Bade"]
[Site "?"]
[Date "2018.02.24"]
[Round "9.4"]
[White "Amin, Bassem"]
[Black "Burri, Quentin"]
[Result "1-0"]
[WhiteElo "2688"]
[BlackElo "2407"]
[PlyCount "75"]
[EventDate "2018.??.??"]

1. e4 c5 2. Nf3 d6 3. Bb5+ Nd7 4. O-O a6 5. Bd3 Ngf6 6. Re1 e5 7. c3 Be7 8. Bf1
O-O 9. d4 Qc7 10. h3 Re8 11. d5 Rb8 12. a4 b5 13. Na3 b4 14. Nc4 Bf8 15. Qc2 h6
16. Bd2 a5 17. Ne3 Qa7 18. Bb5 Ba6 19. Qd3 Bxb5 20. axb5 Qb6 21. Nc4 Qxb5 22.
Rxa5 Qb7 23. cxb4 cxb4 24. Be3 Rec8 25. Nfd2 Rc7 26. Rea1 Qc8 27. Ra6 Ne8 28.
Kh2 Nc5 29. Bxc5 Rxc5 30. Na5 Nc7 31. Rc6 Rcb5 32. Qc2 Rc5 33. Ndc4 Rbb5 34.
Rxc5 Rxc5 35. Nb3 Rb5 36. Nca5 Qb8 37. Nc6 Qb6 38. Na7 1-0

[Event "2BLS 1718 SC Viernheim - OSG Baden Bade"]
[Site "?"]
[Date "2018.02.24"]
[Round "9.5"]
[White "Schmaltz, Roland"]
[Black "Kovalenko, Igor"]
[Result "0-1"]
[WhiteElo "2477"]
[BlackElo "2643"]
[PlyCount "72"]
[EventDate "2018.??.??"]

1. e4 c5 2. Nf3 d6 3. d4 cxd4 4. Nxd4 Nf6 5. Nc3 a6 6. Be3 e5 7. Nb3 Be6 8. h3
Be7 9. f4 exf4 10. Bxf4 O-O 11. Qe2 Nbd7 12. O-O-O Rc8 13. g4 Ne8 14. Kb1 Bf6
15. Nd5 Be5 16. Bc1 Nc7 17. Qg2 Nb5 18. h4 Nb6 19. Rh3 Na4 20. c4 Na7 21. Nd4
Nc6 22. Nf5 Bxd5 23. exd5 Ne7 24. Nxe7+ Qxe7 25. h5 Nc5 26. Rf3 Rb8 27. Qc2 b5
28. cxb5 axb5 29. g5 b4 30. Bh3 b3 31. axb3 Qa7 32. Qc4 Qb7 33. g6 Nxb3 34.
Rxf7 Rxf7 35. gxf7+ Kf8 36. Qc6 Qb4 0-1

[Event "2BLS 1718 SC Viernheim - OSG Baden Bade"]
[Site "?"]
[Date "2018.02.24"]
[Round "9.6"]
[White "Anton Guijarro, David"]
[Black "Drabke, Lorenz Maximilian"]
[Result "1/2-1/2"]
[WhiteElo "2666"]
[BlackElo "2427"]
[PlyCount "86"]
[EventDate "2018.??.??"]

1. e4 c5 2. Nf3 e6 3. d4 cxd4 4. Nxd4 a6 5. Bd3 Bc5 6. Nb3 Be7 7. Qg4 g6 8. Qe2
d6 9. O-O Nd7 10. Nc3 Qc7 11. a3 b6 12. Bd2 Bb7 13. Rae1 h5 14. Nd4 h4 15. h3
Ngf6 16. Bg5 e5 17. Nf3 Nh5 18. Be3 Nc5 19. Bc4 Ne6 20. Nd5 Bxd5 21. Bxd5 Nhf4
22. Qd2 Nxd5 23. exd5 Ng7 24. Bg5 Nf5 25. Bxe7 Nxe7 26. Re4 b5 27. Rd1 Nf5 28.
a4 Rc8 29. c3 Qb6 30. axb5 axb5 31. Ra1 f6 32. Qd3 Kf7 33. Rb4 Rc5 34. Rd1 Ne7
35. Qe4 Qb7 36. c4 Nf5 37. Ra1 Ra8 38. Rxa8 Qxa8 39. Nxh4 Ne7 40. Qg4 f5 41.
Qg5 Qa5 42. Nxg6 Qxb4 43. Qxe7+ Kxg6 {(=)} 1/2-1/2

[Event "2BLS 1718 SC Viernheim - OSG Baden Bade"]
[Site "?"]
[Date "2018.02.24"]
[Round "9.7"]
[White "Mutschnik, Illya"]
[Black "Fedorchuk, Sergey"]
[Result "0-1"]
[WhiteElo "2429"]
[BlackElo "2634"]
[PlyCount "58"]
[EventDate "2018.??.??"]

1. e4 e5 2. Nf3 Nc6 3. Bb5 a6 4. Bxc6 dxc6 5. O-O f6 6. d4 exd4 7. Nxd4 c5 8.
Ne2 Qxd1 9. Rxd1 Bd7 10. Nbc3 O-O-O 11. Be3 Re8 12. f3 f5 13. Kf2 Nf6 14. exf5
Bxf5 15. Rd2 Be7 16. Nf4 b6 17. Ncd5 Bd8 18. c4 g5 19. Ne2 Nxd5 20. cxd5 Kd7
21. a4 a5 22. Nc3 Rhf8 23. Re2 Bf6 24. Ree1 h5 25. Rad1 Rf7 26. h3 g4 27. hxg4
hxg4 28. g3 Bc2 29. Bf4 Bxd1 0-1

[Event "2BLS 1718 SC Viernheim - OSG Baden Bade"]
[Site "?"]
[Date "2018.02.24"]
[Round "9.8"]
[White "Maze, Sebastien"]
[Black "Kachiani-Gersinska, Ketino"]
[Result "1-0"]
[WhiteElo "2620"]
[BlackElo "2337"]
[PlyCount "111"]
[EventDate "2018.??.??"]

1. e4 e5 2. Nf3 Nc6 3. Bb5 a6 4. Ba4 Nf6 5. O-O Be7 6. d3 d6 7. c4 Bg4 8. Be3
O-O 9. Nbd2 Nd7 10. h3 Bh5 11. Rb1 Nb4 12. Qb3 a5 13. a3 Na6 14. Bxd7 Qxd7 15.
Qxb7 Bxf3 16. Nxf3 Rfb8 17. Qd5 Qa4 18. c5 c6 19. Qc4 Qxc4 20. dxc4 f6 21. cxd6
Bxd6 22. Rfd1 Be7 23. Ne1 Rb3 24. Rd3 Rb7 25. Nc2 Rab8 26. b3 g6 27. Kf1 Kf7
28. Ke2 f5 29. f3 f4 30. Bf2 g5 31. Rc3 Bc5 32. Bxc5 Nxc5 33. b4 Rd8 34. Rd1
Rxd1 35. Kxd1 Na4 36. Rb3 Nc5 37. Rb1 Na4 38. Kc1 Ke6 39. bxa5 Ra7 40. Nb4 Kd6
41. a6 Nc5 42. Kb2 Ne6 43. h4 gxh4 44. Rh1 Rg7 45. Rxh4 Rxg2+ 46. Kc3 c5 47.
Nd5 Rg7 48. Rh6 Ra7 49. Kd3 Rg7 50. Nb6 Rg6 51. a7 Nc7 52. Rxh7 Rg8 53. Rh6+
Ke7 54. Nd5+ Nxd5 55. exd5 Ra8 56. Ra6 1-0

[Event "2BLS 1718 SC Heusenstamm - TSV Schoenai"]
[Site "?"]
[Date "2018.02.24"]
[Round "9.1"]
[White "Martinovic, Sasa"]
[Black "Wieczorek, Oskar"]
[Result "1-0"]
[WhiteElo "2604"]
[BlackElo "2468"]
[PlyCount "159"]
[EventDate "2018.??.??"]

1. d4 Nf6 2. c4 g6 3. f3 Nc6 4. d5 Ne5 5. e4 d6 6. Nc3 Bg7 7. Be2 O-O 8. f4
Ned7 9. Be3 e5 10. dxe6 fxe6 11. Nh3 b6 12. O-O Bb7 13. Bf3 Nc5 14. Qc2 Nfd7
15. b4 Na6 16. a3 c5 17. Qb3 Nc7 18. Rad1 Qe7 19. g4 Rad8 20. Rd2 Ba8 21. Ne2
Kh8 22. Ng3 a6 23. Bf2 b5 24. Rfd1 bxc4 25. Qxc4 d5 26. Qe2 Bc3 27. exd5 Bxd2
28. Rxd2 Qg7 29. bxc5 Nxd5 30. Bd4 e5 31. fxe5 Nc3 32. Bxc3 Bxf3 33. Qe3 Qe7
34. c6 Bxc6 35. e6+ Kg8 36. Bb4 Nc5 37. Nf2 Rxd2 38. Qxd2 Qxe6 39. Bxc5 Rb8 40.
h3 Re8 41. Kh2 Qf7 42. g5 Qd5 43. Qxd5+ Bxd5 44. Ng4 Rc8 45. Ne4 Bxe4 46. Nf6+
Kf7 47. Nxe4 Ke6 48. Bb4 Ke5 49. Nf6 h5 50. Kg3 Rd8 51. h4 Rd3+ 52. Kg2 Kf4 53.
a4 Rg3+ 54. Kf2 Rf3+ 55. Ke2 Re3+ 56. Kd1 Re6 57. a5 Ke3 58. Nd5+ Kd4 59. Nf4
Rc6 60. Ke2 Ke4 61. Nd3 Kd4 62. Be1 Re6+ 63. Kd2 Rd6 64. Bg3 Re6 65. Bf2+ Kc4
66. Nf4 Rd6+ 67. Ke3 Kb5 68. Be1 Rc6 69. Kd4 Rc1 70. Bd2 Rc6 71. Kd5 Rc2 72.
Be3 Kxa5 73. Nxg6 Re2 74. Bd4 Kb5 75. Nf4 Re8 76. Nxh5 a5 77. Nf6 Rd8+ 78. Ke4
a4 79. g6 a3 80. Be5 1-0

[Event "2BLS 1718 SC Heusenstamm - TSV Schoenai"]
[Site "?"]
[Date "2018.02.24"]
[Round "9.2"]
[White "Poetsch, Hagen"]
[Black "Saric, Ante"]
[Result "1/2-1/2"]
[WhiteElo "2484"]
[BlackElo "2544"]
[PlyCount "104"]
[EventDate "2018.??.??"]

1. e4 e5 2. Nf3 Nf6 3. Nc3 Nc6 4. Bb5 Nd4 5. Bc4 d6 6. Nxd4 exd4 7. Nd5 Nd7 8.
O-O g6 9. c3 Bg7 10. cxd4 O-O 11. d3 c6 12. Nc3 Bxd4 13. Be3 Bxe3 14. fxe3 Qg5
15. Qd2 Nb6 16. Bb3 Be6 17. Rf4 Bxb3 18. axb3 Qe7 19. d4 d5 20. e5 f6 21. exf6
Rxf6 22. Rxf6 Qxf6 23. e4 dxe4 24. Nxe4 Qe7 25. Nc5 Nd5 26. Re1 Qf7 27. Rf1 Qg7
28. Re1 b6 29. Ne6 Qd7 30. Ng5 Re8 31. Nf3 Rxe1+ 32. Qxe1 Qe7 33. Ne5 c5 34.
Qe4 Nf6 35. Qd3 Kg7 36. Nf3 Qe4 37. Qxe4 Nxe4 38. Kf1 Kf6 39. Ke2 Ke6 40. dxc5
Nxc5 41. Ng5+ Kf5 42. Nxh7 Nxb3 43. h3 Nd4+ 44. Ke3 Ne6 45. g4+ Ke5 46. h4 b5
47. g5 a5 48. Nf6 a4 49. Kd3 b4 50. Kc4 a3 51. bxa3 bxa3 52. Kb3 Kf5 1/2-1/2

[Event "2BLS 1718 SC Heusenstamm - TSV Schoenai"]
[Site "?"]
[Date "2018.02.24"]
[Round "9.3"]
[White "Hirneise, Tobias"]
[Black "Klekowski, Maciej"]
[Result "1-0"]
[WhiteElo "2461"]
[BlackElo "2495"]
[PlyCount "91"]
[EventDate "2018.??.??"]

1. d4 Nf6 2. c4 e6 3. Nc3 Bb4 4. Qc2 d5 5. cxd5 exd5 6. Bg5 h6 7. Bh4 c5 8.
dxc5 g5 9. Bg3 O-O 10. e3 Ne4 11. Bd3 Bf5 12. Nge2 Nd7 13. Bd6 Re8 14. O-O Bxc5
15. Bxe4 dxe4 16. Bxc5 Nxc5 17. Ng3 Bg6 18. Rad1 Qc8 19. Nd5 Re6 20. Qc3 Qc6
21. b4 Na6 22. Qb3 Nc7 23. Nc3 Re5 24. Rc1 Qe6 25. Qb2 Nd5 26. Nge2 Nxc3 27.
Rxc3 a5 28. Nd4 Qb6 29. b5 Rc5 30. Rxc5 Qxc5 31. Rc1 Qb4 32. Qc2 Qa3 33. h3 a4
34. Qc4 Kh7 35. Rc3 Qb2 36. Rc2 Qb1+ 37. Kh2 a3 38. Qd5 Rf8 39. Qd6 Re8 40.
Qxa3 Rd8 41. Rc1 Qd3 42. Qe7 Ra8 43. Qf6 Qa3 44. Rc7 Qf8 45. Nf5 Rxa2 46. Rc8
1-0

[Event "2BLS 1718 SC Heusenstamm - TSV Schoenai"]
[Site "?"]
[Date "2018.02.24"]
[Round "9.4"]
[White "Weichhold, Pawel"]
[Black "Hirneise, Jens"]
[Result "1-0"]
[WhiteElo "2419"]
[BlackElo "2386"]
[PlyCount "109"]
[EventDate "2018.??.??"]

1. e4 c5 2. Nf3 d6 3. d4 cxd4 4. Nxd4 Nf6 5. Nc3 Bd7 6. h4 Nc6 7. h5 h6 8. f3
e6 9. Be3 d5 10. exd5 exd5 11. Qd2 Bb4 12. a3 Be7 13. Bd3 O-O 14. O-O-O Re8 15.
Nce2 Rc8 16. g4 Ne5 17. g5 hxg5 18. Bxg5 Ne4 19. Bxe7 Nxd2 20. Bxd8 Nxd3+ 21.
Kxd2 Nxb2 22. Bg5 Nxd1 23. Kxd1 f6 24. Bc1 Kf7 25. Nf4 Rc4 26. Bb2 Ba4 27. Nd3
Bd7 28. Rh2 Rcc8 29. Nf4 Re5 30. Kd2 Rg5 31. Rh1 b6 32. Bc3 Re8 33. Bb4 Ba4 34.
Bd6 Rd8 35. Bb4 Re8 36. h6 Rh8 37. Re1 Re5 38. hxg7 Rh2+ 39. Nfe2 Rg2 40. Bf8
Bd7 41. Kd3 Bc8 42. Rg1 Ba6+ 43. Kc3 Rxg1 44. Nxg1 Bf1 45. Kd2 Rg5 46. Nge2 Bh3
47. Ke3 Bd7 48. Kf4 a5 49. Ng3 b5 50. Ngf5 Bxf5 51. Nxf5 b4 52. Nh6+ Ke8 53. a4
d4 54. Ke4 d3 55. Kxd3 1-0

[Event "2BLS 1718 SC Heusenstamm - TSV Schoenai"]
[Site "?"]
[Date "2018.02.24"]
[Round "9.5"]
[White "Menezes, Christoph"]
[Black "Barski, Radoslaw"]
[Result "1/2-1/2"]
[WhiteElo "2385"]
[BlackElo "2429"]
[PlyCount "67"]
[EventDate "2018.??.??"]

1. d4 Nf6 2. c4 g6 3. Nc3 Bg7 4. e4 d6 5. Nf3 O-O 6. Be2 e5 7. O-O Nc6 8. d5
Ne7 9. Ne1 Nd7 10. Nd3 f5 11. f3 Nf6 12. Bd2 f4 13. Rc1 g5 14. c5 Ng6 15. Nb5
Rf7 16. Ba5 b6 17. cxd6 cxd6 18. Be1 a6 19. Nc3 a5 20. a4 h5 21. Nf2 Bf8 22.
Nb5 Rg7 23. Rc6 g4 24. fxg4 Nh4 25. h3 hxg4 26. Nxg4 Nxe4 27. Rxc8 Rxc8 28. Bd3
Nc5 29. Nh6+ Kh8 30. Qh5 Qe8 31. Nf7+ Kg8 32. Nh6+ Kh8 33. Nf7+ Kg8 34. Nh6+
1/2-1/2

[Event "2BLS 1718 SC Heusenstamm - TSV Schoenai"]
[Site "?"]
[Date "2018.02.24"]
[Round "9.6"]
[White "Solonar, Stefan"]
[Black "Reck, Moritz"]
[Result "1-0"]
[WhiteElo "2313"]
[BlackElo "2138"]
[PlyCount "91"]
[EventDate "2018.??.??"]

1. c4 g6 2. e4 Bg7 3. d4 d6 4. Nf3 Nc6 5. d5 Nb8 6. Nc3 e5 7. Be2 Ne7 8. O-O
O-O 9. Ne1 f5 10. Nd3 Nd7 11. Bd2 Nf6 12. f3 f4 13. c5 g5 14. Rc1 h5 15. cxd6
cxd6 16. Nf2 Ng6 17. Nb5 Rf7 18. Qc2 Ne8 19. a4 Nh4 20. Nxa7 Rc7 21. Ba5 Rxc2
22. Bxd8 Rxe2 23. Rxc8 Rxa7 24. Bxg5 Kf7 25. Bxh4 Rxa4 26. Rb1 Rb4 27. Nd3 Rb3
28. Rd1 Re3 29. Rc3 Rxc3 30. bxc3 Bf6 31. Bf2 Re2 32. Rb1 Rd2 33. Rxb7+ Kg6 34.
Ne1 Rd1 35. Rb6 Rc1 36. Rc6 Kf7 37. Kf1 Ke7 38. Ke2 Kd7 39. c4 Bd8 40. c5 Ba5
41. Ra6 Ra1 42. c6+ Ke7 43. Ra7+ Nc7 44. Nc2 Ra2 45. Kd3 Kd8 46. Be1 1-0

[Event "2BLS 1718 SC Heusenstamm - TSV Schoenai"]
[Site "?"]
[Date "2018.02.24"]
[Round "9.7"]
[White "Steinhart, Christoph"]
[Black "Voropaev, Gleb"]
[Result "1/2-1/2"]
[WhiteElo "1978"]
[BlackElo "2278"]
[PlyCount "63"]
[EventDate "2018.??.??"]

1. e4 e5 2. Nf3 Nc6 3. d4 exd4 4. Nxd4 Nf6 5. Nc3 Bb4 6. Nxc6 bxc6 7. Bd3 O-O
8. O-O d5 9. exd5 cxd5 10. Bg5 c6 11. Qf3 Bd6 12. h3 h6 13. Bxf6 Qxf6 14. Qxf6
gxf6 15. Ne2 c5 16. Ng3 Rd8 17. Nf5 Bf8 18. c3 a5 19. Rfe1 a4 20. Rad1 a3 21.
b3 c4 22. bxc4 dxc4 23. Be4 Rxd1 24. Rxd1 Rb8 25. Ne3 Rb2 26. Nxc4 Rxa2 27. Rd8
Ra1+ 28. Kh2 a2 29. Rxc8 Re1 30. Ra8 a1=Q 31. Rxa1 Rxa1 32. g4 1/2-1/2

[Event "2BLS 1718 SC Heusenstamm - TSV Schoenai"]
[Site "?"]
[Date "2018.02.24"]
[Round "9.8"]
[White "von Rahden, Arvid"]
[Black "Kuebler, Marcus"]
[Result "1/2-1/2"]
[WhiteElo "2188"]
[BlackElo "1988"]
[PlyCount "65"]
[EventDate "2018.??.??"]

1. e4 g6 2. d4 Bg7 3. c4 d6 4. Nc3 e5 5. dxe5 dxe5 6. Qxd8+ Kxd8 7. Bg5+ f6 8.
O-O-O+ Ke8 9. Be3 c6 10. g3 Na6 11. f4 Nh6 12. h3 Nf7 13. Rh2 Bh6 14. Nf3 Be6
15. b3 Ke7 16. Rhd2 Rhd8 17. Rxd8 Nxd8 18. Kd2 Nf7 19. Ke2 Ke8 20. Na4 Bf8 21.
fxe5 fxe5 22. Ng5 Nxg5 23. Bxg5 Nc5 24. Nc3 a5 25. Kf3 h6 26. Be3 g5 27. Bc1
Be7 28. g4 Bf7 29. Bb2 Bg6 30. Bd3 Bf6 31. Bc2 Rd8 32. Rxd8+ Kxd8 33. Ne2
1/2-1/2

[Event "2BLS 1718 SV Griesheim - SC Boeblingen"]
[Site "?"]
[Date "2018.02.24"]
[Round "9.1"]
[White "Gaehwiler, Gabriel"]
[Black "Georgiadis, Nicolas"]
[Result "1/2-1/2"]
[WhiteElo "2429"]
[BlackElo "2534"]
[PlyCount "46"]
[EventDate "2018.??.??"]

1. d4 d5 2. c4 e6 3. Nf3 Nf6 4. g3 Be7 5. Bg2 O-O 6. O-O c6 7. Qc2 b6 8. Nbd2
Nbd7 9. e4 dxc4 10. Nxc4 Bb7 11. Rd1 c5 12. Nfe5 cxd4 13. Rxd4 Qc7 14. Bf4 Nxe5
15. Bxe5 Qc6 16. Qd2 Bc5 17. Bxf6 Bxd4 18. Qxd4 gxf6 19. Qxf6 Qxc4 20. Qg5+ Kh8
21. Qf6+ Kg8 22. Qg5+ Kh8 23. Qf6+ Kg8 1/2-1/2

[Event "2BLS 1718 SV Griesheim - SC Boeblingen"]
[Site "?"]
[Date "2018.02.24"]
[Round "9.2"]
[White "Grabarczyk, Miroslaw"]
[Black "Kuklin, Valentin"]
[Result "0-1"]
[WhiteElo "2407"]
[BlackElo "2370"]
[PlyCount "66"]
[EventDate "2018.??.??"]

1. d4 Nf6 2. c4 c5 3. d5 e6 4. Nc3 exd5 5. cxd5 d6 6. Nf3 g6 7. e4 a6 8. a4 Bg4
9. Be2 Bxf3 10. Bxf3 Bg7 11. O-O O-O 12. a5 Nbd7 13. Bd2 Ne8 14. Qc2 Nc7 15.
Be2 Rb8 16. h3 b5 17. axb6 Rxb6 18. Ra2 Qb8 19. Rfa1 Nb5 20. Nxb5 axb5 21. Bc3
Re8 22. Bxg7 Kxg7 23. b3 c4 24. bxc4 b4 25. Ra5 Nc5 26. f3 Qd8 27. Qb2+ Qf6 28.
Qxf6+ Kxf6 29. Rb5 Rxb5 30. cxb5 b3 31. Bc4 b2 32. Rb1 Na4 33. Kf2 Nc3 0-1

[Event "2BLS 1718 SV Griesheim - SC Boeblingen"]
[Site "?"]
[Date "2018.02.24"]
[Round "9.3"]
[White "Ortmann, David"]
[Black "Tazbir, Marcin"]
[Result "1/2-1/2"]
[WhiteElo "2303"]
[BlackElo "2524"]
[PlyCount "52"]
[EventDate "2018.??.??"]

1. Nf3 Nf6 2. c4 e6 3. Nc3 d5 4. d4 Bb4 5. cxd5 exd5 6. Bg5 h6 7. Bh4 g5 8. Bg3
Ne4 9. Nd2 Nxg3 10. hxg3 c6 11. e3 Be6 12. Bd3 Nd7 13. Qb3 Qb6 14. a3 Bd6 15.
Rc1 Qxb3 16. Nxb3 Ke7 17. Na4 a5 18. Nbc5 Nxc5 19. Nxc5 Bxc5 20. dxc5 Bd7 21.
Kd2 b6 22. b4 axb4 23. axb4 Ra2+ 24. Rc2 Ra4 25. b5 bxc5 26. bxc6 Bxc6 1/2-1/2

[Event "2BLS 1718 SV Griesheim - SC Boeblingen"]
[Site "?"]
[Date "2018.02.24"]
[Round "9.4"]
[White "Walter, Stefan"]
[Black "Tran, Thanh Kien"]
[Result "1-0"]
[WhiteElo "2405"]
[BlackElo "2226"]
[PlyCount "115"]
[EventDate "2018.??.??"]

1. d4 Nf6 2. c4 g6 3. Nc3 d5 4. Nf3 Bg7 5. Bg5 Ne4 6. cxd5 Nxg5 7. Nxg5 e6 8.
Nf3 exd5 9. e3 O-O 10. b4 Be6 11. Be2 c6 12. O-O Qe7 13. Qb3 a6 14. a4 Nd7 15.
Rfc1 Rae8 16. Bf1 f5 17. b5 axb5 18. axb5 f4 19. Re1 fxe3 20. Rxe3 Bh6 21. Ree1
Rxf3 22. gxf3 Qg5+ 23. Kh1 Qh4 24. Ne2 Qxf2 25. f4 Bg4 26. Qg3 Bf3+ 27. Bg2
Rxe2 28. Bxf3 Rxe1+ 29. Rxe1 Qxd4 30. Qh3 Qg7 31. bxc6 bxc6 32. Qe6+ Kh8 33.
Qxc6 Bxf4 34. Qxd5 Nf8 35. Qc5 Qf6 36. Rf1 Bd6 37. Qg1 Qe5 38. Re1 Qf4 39. Qg2
Qf6 40. Bd5 Nd7 41. Qh3 Nf8 42. Ba2 Qb2 43. Bc4 Qb4 44. Qf1 Qb7+ 45. Qg2 Qb4
46. Rc1 Qc5 47. Qe4 Qh5 48. Qd4+ Be5 49. Qf2 Qf5 50. Qxf5 gxf5 51. Rg1 Ng6 52.
Bd3 f4 53. Bxg6 hxg6 54. Rxg6 f3 55. Rg4 Bd6 56. Rc4 Kg7 57. h3 Kf6 58. Rc3 1-0

[Event "2BLS 1718 SV Griesheim - SC Boeblingen"]
[Site "?"]
[Date "2018.02.24"]
[Round "9.5"]
[White "Schuh, Karsten"]
[Black "Baskin, Robert"]
[Result "1/2-1/2"]
[WhiteElo "2205"]
[BlackElo "2329"]
[PlyCount "28"]
[EventDate "2018.??.??"]

1. c4 e6 2. g3 Nf6 3. Bg2 d5 4. Nf3 dxc4 5. Na3 Bxa3 6. bxa3 O-O 7. O-O Nbd7 8.
Qc2 Nb6 9. Ne5 Bd7 10. Nxd7 Qxd7 11. Bxb7 Rab8 12. Bg2 Rfd8 13. Rb1 c5 14. Rb2
h6 1/2-1/2

[Event "2BLS 1718 SV Griesheim - SC Boeblingen"]
[Site "?"]
[Date "2018.02.24"]
[Round "9.6"]
[White "Spitzl, Vinzent"]
[Black "Bauer, Peter"]
[Result "1/2-1/2"]
[WhiteElo "2248"]
[BlackElo "2210"]
[PlyCount "57"]
[EventDate "2018.??.??"]

1. e4 e5 2. Nf3 Nc6 3. Bb5 a6 4. Ba4 Nf6 5. O-O b5 6. Bb3 Bc5 7. c3 d6 8. a4
Rb8 9. d4 Bb6 10. axb5 axb5 11. Na3 Bg4 12. Nxb5 Bxf3 13. gxf3 Nh5 14. dxe5
dxe5 15. Ba4 Qf6 16. Nd6+ cxd6 17. Bxc6+ Ke7 18. Qe2 Nf4 19. Bxf4 Qxf4 20. Kh1
h5 21. Rg1 g5 22. Rg3 Rh6 23. Rag1 Rg8 24. Rf1 Rf6 25. Qa6 Rb8 26. Qe2 Rg8 27.
Qa6 Rb8 28. Qe2 Rg8 29. Qa6 1/2-1/2

[Event "2BLS 1718 SV Griesheim - SC Boeblingen"]
[Site "?"]
[Date "2018.02.24"]
[Round "9.7"]
[White "Bathray, Johannes"]
[Black "Koehler, Ronald"]
[Result "1/2-1/2"]
[WhiteElo "2151"]
[BlackElo "2277"]
[PlyCount "29"]
[EventDate "2018.??.??"]

1. c4 Nf6 2. g3 c5 3. Bg2 d5 4. cxd5 Nxd5 5. Nc3 Nc7 6. Nf3 Nc6 7. O-O e5 8. a3
Rb8 9. Rb1 f6 10. d3 Be6 11. Bd2 Qd7 12. Ne4 Nd5 13. Nc3 Nc7 14. Ne4 Nd5 15.
Nc3 1/2-1/2